Clásicos de la teoría general del proceso / (Record no. 34516)

MARC details
000 -LEADER
fixed length control field 01357nam a22002777a 4500
005 - DATE AND TIME OF LATEST TRANSACTION
control field 20150124124024.0
008 - FIXED-LENGTH DATA ELEMENTS--GENERAL INFORMATION
fixed length control field 101011t cr||||| |||| 00| 0 spa d
020 ## - INTERNATIONAL STANDARD BOOK NUMBER
International Standard Book Number 9968380806 (obra completa)
020 ## - INTERNATIONAL STANDARD BOOK NUMBER
International Standard Book Number 9968380008 (V.1)
020 ## - INTERNATIONAL STANDARD BOOK NUMBER
International Standard Book Number 9968380024 (V.2)
020 ## - INTERNATIONAL STANDARD BOOK NUMBER
International Standard Book Number 9968380040 (V.3)
020 ## - INTERNATIONAL STANDARD BOOK NUMBER
International Standard Book Number 9968380067 (V.4)
050 04 - LIBRARY OF CONGRESS CALL NUMBER
Classification number KHA2501.C9
Item number C53 2001
245 00 - TITLE STATEMENT
Title Clásicos de la teoría general del proceso /
Statement of responsibility, etc James Goldschmidt, Niceto Alcalá-Zamora, Hugo Alsina.
260 ## - PUBLICATION, DISTRIBUTION, ETC. (IMPRINT)
Place of publication, distribution, etc San José, Costa Rica :
Name of publisher, distributor, etc Editorial Jurídica Universitaria,
Date of publication, distribution, etc 2001
300 ## - PHYSICAL DESCRIPTION
Extent 4 v. ;
Dimensions 29 cm.
490 #0 - SERIES STATEMENT
Series statement Biblioteca grandes maestros del derecho
500 ## - GENERAL NOTE
General note En la portada : La revisión, edición y características gráficas actuales de esta obra fueron realizadas por la Asociación de Investigaciones Jurídicas, A.C
504 ## - BIBLIOGRAPHY, ETC. NOTE
Bibliography, etc Incluye bibliografías e índice
505 0# - FORMATTED CONTENTS NOTE
Formatted contents note Contenido : V.1 Principios generales del proceso / James Goldschmidt -- V.2 Proceso, autocomposición y autodefensa / Niceto Alcalá Zamora -- V.3 Estudios de teoría e historia del proceso / Niceto Alcalá Zamora -- V.4 Fundamentos de derecho procesal / Hugo Alsina.
650 #7 - SUBJECT ADDED ENTRY--TOPICAL TERM
Source of heading or term Lemb
Topical term or geographic name as entry element Derecho - Procedimiento
Geographic subdivision Argentina
700 1# - ADDED ENTRY--PERSONAL NAME
Personal name Goldschmidt, James,
Relator term coaut.
700 1# - ADDED ENTRY--PERSONAL NAME
Personal name Alcalá-Zamora, Niceto,
Relator term coaut.
700 1# - ADDED ENTRY--PERSONAL NAME
Personal name Alsina, Hugo,
Relator term coaut.
942 ## - ADDED ENTRY ELEMENTS (KOHA)
Source of classification or shelving scheme Biblioteca del Cogreso de los Estados Unidos
Koha item type Libro
Holdings
Estado de pérdida Fuente de clasificación Estado del daño No para préstamo Ubicación permanente Ubicación actual Apartado o colección Fecha de adquisición Fuente de adquisición Área del conocimiento Clasificación Código de Barras Date last seen Número de copia Tipo de recurso
  Biblioteca del Cogreso de los Estados Unidos     Biblioteca Campus Lázaro Cardenas Biblioteca Campus Lázaro Cardenas General 06/11/2012     KHA2501.C9 C53 2001 V.1 BCLC000000829 16/01/2015 1 Libro
  Biblioteca del Cogreso de los Estados Unidos     Biblioteca Campus Lázaro Cardenas Biblioteca Campus Lázaro Cardenas General 06/11/2012     KHA2501.C9 C53 2001 V.2 BCLC000000830 16/01/2015 1 Libro
  Biblioteca del Cogreso de los Estados Unidos     Biblioteca Campus Lázaro Cardenas Biblioteca Campus Lázaro Cardenas General 06/11/2012     KHA2501.C9 C53 2001 V.3 BCLC000000831 16/01/2015 1 Libro
  Biblioteca del Cogreso de los Estados Unidos     Biblioteca Campus Lázaro Cardenas Biblioteca Campus Lázaro Cardenas General 06/11/2012     KHA2501.C9 C53 2001 V.4 BCLC000000832 16/01/2015 1 Libro
  Biblioteca del Cogreso de los Estados Unidos     Biblioteca Campus Lázaro Cardenas Biblioteca Campus Lázaro Cardenas General 06/11/2012     KHA2501.C9 C53 2001 V.1 BCLC000000833 16/01/2015 2 Libro
  Biblioteca del Cogreso de los Estados Unidos     Biblioteca Campus Lázaro Cardenas Biblioteca Campus Lázaro Cardenas General 06/11/2012     KHA2501.C9 C53 2001 V.2 BCLC000000834 16/01/2015 2 Libro
  Biblioteca del Cogreso de los Estados Unidos     Biblioteca Campus Lázaro Cardenas Biblioteca Campus Lázaro Cardenas General 06/11/2012     KHA2501.C9 C53 2001 V.3 BCLC000000835 16/01/2015 2 Libro
  Biblioteca del Cogreso de los Estados Unidos     Biblioteca Campus Lázaro Cardenas Biblioteca Campus Lázaro Cardenas General 06/11/2012     KHA2501.C9 C53 2001 V.4 BCLC000000836 16/01/2015 2 Libro
  Biblioteca del Cogreso de los Estados Unidos     Biblioteca Campus Lázaro Cardenas Biblioteca Campus Lázaro Cardenas General 06/11/2012     KHA2501.C9 C53 2001 V.1 BCLC000000837 16/01/2015 3 Libro
  Biblioteca del Cogreso de los Estados Unidos     Biblioteca Campus Lázaro Cardenas Biblioteca Campus Lázaro Cardenas General 06/11/2012     KHA2501.C9 C53 2001 V.2 BCLC000000838 16/01/2015 3 Libro
  Biblioteca del Cogreso de los Estados Unidos     Biblioteca Campus Lázaro Cardenas Biblioteca Campus Lázaro Cardenas General 06/11/2012     KHA2501.C9 C53 2001 V.3 BCLC000000839 16/01/2015 3 Libro
  Biblioteca del Cogreso de los Estados Unidos     Biblioteca Campus Lázaro Cardenas Biblioteca Campus Lázaro Cardenas General 06/11/2012     KHA2501.C9 C53 2001 V.4 BCLC000000840 16/01/2015 3 Libro